000 01021nam a22003377a 4500
003 CHAP
005 20220817043259.0
008 971013s1994 r 00010 d
010 _a70412
011 _a71384
035 _a80938
040 _cCHAP
082 _a635.964
_bT4
100 0 0 _aThurston, H. David
_eed.
_9113015
245 _aTapado
_b: los sistemas de siembra con cobertura
260 _aSan José, Costa Rica :
_bCATIE,
_c1994
300 _a330 p.
590 _aBATCH-UPD
_b10
_c20130110
_lUCH01
_h0347
590 _aBATCH-UPD
_b10
_c20130110
_lUCH01
_h1937
590 _aCONVERSION
_b10
_c20130109
_lUCH01
_h1339
650 1 4 _aAgricultura sustentable.
650 1 4 _aCultivos de cobertura.
_930371
650 1 4 _aFrijol.
_943319
650 1 4 _aRoza.
_9100413
650 1 4 _aSistemas de cultivo.
_9106746
700 0 _aAbawi, George S.
_eed.
_9152
700 0 _aSmith, Margaret
_eed.
_9107080
901 _aBK
942 _cLIBRO
949 _a635.964 T4
_bBC
_cLIBRO
_d33724000254827
_eLIBRO
_h86483
_i80938
_mD
_si
999 _c70412
_d70412